Politics and environment: (Record no. 15401)

000 -LEADER
fixed length control field 00438cam a2200157 4500
020 ## - INTERNATIONAL STANDARD BOOK NUMBER
ISBN 0876207123
020 ## - INTERNATIONAL STANDARD BOOK NUMBER
ISBN 9780876207123
040 ## - CATALOGING SOURCE
Transcribing agency DLC
082 00 - DEWEY DECIMAL CLASSIFICATION NUMBER
Classification number 301 GOO 1970 A076 Or.
100 1# - MAIN ENTRY--AUTHOR NAME
Personal name Anderson, Walt,
245 10 - TITLE STATEMENT
Title Politics and environment:
Remainder of title a reader in ecological crisis.
260 ## - PUBLICATION, DISTRIBUTION, ETC. (IMPRINT)
Place of publication Pacific Palisades, Calif.,
Name of publisher Goodyear Pub. Co.
Year of publication [1970]
300 ## - PHYSICAL DESCRIPTION
Number of Pages xvi, 362 p.
Dimensions 22 cm.
650 #0 - SUBJECT ADDED ENTRY--TOPICAL TERM
Topical Term Environmental policy
942 ## - ADDED ENTRY ELEMENTS (KOHA)
Koha item type សៀវភៅភាសាអង់គ្លេស
952 ## - LOCATION AND ITEM INFORMATION (KOHA)
Withdrawn status [LOCAL, KOHA] 0
Holdings
Permanent Location Date acquired Koha item type Lost status Shelving location Barcode Current Location Full call number
Library Block A2017-11-20សៀវភៅភាសាអង់គ្លេស A076A06150Library Block A301 GOO 1970 A076 Or.
មជ្ឈមណ្ឌលឯការនៃសាកលវិទ្យាល័យភូមិន្ទកសិកម្មចំការដូង

Powered by Koha